| 000 | 01640nam a22003857a 4500 | ||
|---|---|---|---|
| 003 | CHAP | ||
| 005 | 20220329140804.0 | ||
| 008 | 971013d1961 us r 00010 eng d | ||
| 010 | _a57615 | ||
| 011 | _a58587 | ||
| 035 | _a62742 | ||
| 040 | _cCHAP | ||
| 082 | 0 | 4 |
_a582.160972 _bS83 |
| 100 | 0 | 0 |
_aStandley, Paul Carpenter. _9109441 |
| 245 | 1 | 0 |
_aTrees and shrubs of México _c/by Paul C. Standley |
| 260 |
_aWashington : _bGovernment Printing Office, _c1961- |
||
| 300 | _av. | ||
| 500 | _aLa biblioteca tiene: v.23, (Pte. 1 Gleicheniaceae--Betulaceae. -- Pte. 2 Fagaceae--Fabaceae. -- Pte. 3 Oxalidaceae--Turneraceae. -- Pte. 4 Passifloraceae--Scrophulariaceae. -- Pte. 5 Bignoniaceae--Asteraceae.) | ||
| 590 |
_aBATCH-UPD _b10 _c20130110 _lUCH01 _h0246 |
||
| 590 |
_aBATCH-UPD _b10 _c20130110 _lUCH01 _h2009 |
||
| 590 |
_aBATCH-UPD _b10 _c20130409 _lUCH01 _h2315 |
||
| 590 |
_aBATCH-UPD _b10 _c20130410 _lUCH01 _h1329 |
||
| 590 |
_aBATCH-UPD _b10 _c20130914 _lUCH01 _h1848 |
||
| 590 |
_aCONVERSION _b10 _c20130109 _lUCH01 _h1331 |
||
| 650 | 1 | 4 |
_aÁrboles _xMexico. _96625 |
| 650 | 1 | 4 |
_aArbustos _xMexico. _96734 |
| 901 | _aBK | ||
| 905 | _aMarco A. Mendoza T. | ||
| 942 | _cLIBRO | ||
| 949 |
_a582.160972 S83 _bBC _cC _d33724000493862 _eC _fv.23 Pte.5 _h18262 _i62742 _st |
||
| 949 |
_a582.160972 S83 _bBC _cC _d33724000636759 _eC _fv.23 Pte.1-3 _h18261 _i62742 _st |
||
| 949 |
_a582.160972 S83 _bBC _cC _d33724000996716 _eC _fv.23 Pte.4 _h108333 _i62742 _sb |
||
| 949 |
_a582.160972 S83 _bBC _cC _d33724000996724 _eC _fv.23 Pte.2 c.2 _gDonaciØn _h108334 _i62742 _sb |
||
| 949 |
_a582.160972 S83 _bBC _cC _d33724000996732 _eC _fv.23 Pte.3 c.2 _gDonaciØn _h108335 _i62742 _sb |
||
| 999 |
_c57615 _d57615 |
||